Introduction to Dynamics/ (Record no. 8670)

MARC details
000 -LEADER
fixed length control field 00548nam a22001937a 4500
003 - CONTROL NUMBER IDENTIFIER
control field OSt
005 - DATE AND TIME OF LATEST TRANSACTION
control field 20240620124509.0
008 - FIXED-LENGTH DATA ELEMENTS--GENERAL INFORMATION
fixed length control field 240620b |||||||| |||| 00| 0 eng d
020 ## - INTERNATIONAL STANDARD BOOK NUMBER
International Standard Book Number 9780521089845
040 ## - CATALOGING SOURCE
Original cataloging agency MUST
Transcribing agency MUST
082 ## - DEWEY DECIMAL CLASSIFICATION NUMBER
Classification number 531.11 PAR 1953
Item number 19
100 ## - MAIN ENTRY--PERSONAL NAME
Personal name Pars L.A.
9 (RLIN) 17534
245 ## - TITLE STATEMENT
Title Introduction to Dynamics/
Statement of responsibility, etc. L.A. Pars
260 ## - PUBLICATION, DISTRIBUTION, ETC. (IMPRINT)
Place of publication, distribution, etc. Cambridge University.:
Name of publisher, distributor, etc. USA,
Date of publication, distribution, etc. 1953.
300 ## - PHYSICAL DESCRIPTION
Extent xxii,501p.:
Other physical details ill,;
Dimensions 22.4cm.
504 ## - BIBLIOGRAPHY, ETC. NOTE
Bibliography, etc Includes Bibliographical Indexes.
650 ## - SUBJECT ADDED ENTRY--TOPICAL TERM
Source of heading or term Dynamics
Topical term or geographic name as entry element Physics
9 (RLIN) 809
942 ## - ADDED ENTRY ELEMENTS (KOHA)
Source of classification or shelving scheme Dewey Decimal Classification
Koha item type Open Shelf
Holdings
Withdrawn status Lost status Source of classification or shelving scheme Damaged status Not for loan Home library Current library Source of acquisition Inventory number Total Checkouts Full call number Barcode Date last seen Koha item type
    Dewey Decimal Classification     MUST Main Library MUST Main Library Donation 11/33134   531.11 PAR 1953 19 2024-20946 20/06/2024 Open Shelf